000 00447cam a2200169ua 4500
020 _a9788126512560
082 _a658.4034
_bRAV/OP
100 _aRavindran, A ;.
245 _aOperations research: Principles and practice /
250 _a2nd
260 _aLondon :
_bJohn Wiley & Sons ,
_c2006.
260 _aNew Delhi
_bWiley India
_c2012
300 _a ; .
700 1 _aPhillips, Don T; .
700 1 _aSolberg, James J .
942 _cBK
999 _c12982
_d12982